[Event "Grand Slam Final 2nd"]
[Site "Bilbao"]
[Date "2009.09.08"]
[Round "3"]
[White "Karjakin, Sergey"]
[Black "Grischuk, Alexander"]
[Result "1-0"]
[WhiteElo "2722"]
[BlackElo "2733"]
[Annotator "Ftacnik,L"]
[PlyCount "77"]
[EventDate "2009.09.06"]
[EventType "tourn"]
[EventRounds "6"]
[EventCountry "ESP"]
[EventCategory "20"]
[SourceTitle "CBM 132"]
[Source "ChessBase"]
[SourceDate "2009.09.16"]
[SourceVersion "1"]
[SourceVersionDate "2009.09.16"]
[SourceQuality "1"]

1. e4 e5 2. Nf3 Nc6 3. Bb5 a6 4. Ba4 Nf6 5. O-O Be7 6. Re1 b5 7. Bb3 d6 8. c3
O-O 9. h3 Bb7 10. d4 Re8 11. Nbd2 Bf8 12. a3 h6 13. d5 {The closing of the
centre is rather rare at this moment. White has invested lot of energy in
perfecting the play after the bishop move.} (13. Bc2) 13... Nb8 14. Nh2 (14. c4
c6 15. dxc6 Bxc6 16. Bc2 Nbd7 17. b3 Qc7 18. Bb2 Rec8 19. Rc1 Qb7 20. Qe2 a5
21. cxb5 Bxb5 22. Bd3 Bxd3 23. Qxd3 Rxc1 24. Bxc1 Nc5 25. Qb1 Rc8 $17 {0-1 Ady,
J (2300)-Mannion,S (2280)/Scotland 1988/ (56)}) 14... Nbd7 (14... c6 15. dxc6
Bxc6 16. Qf3 Nbd7 17. Ng4 a5 18. Ba2 Qe7 19. Nf1 Nxg4 20. hxg4 Nc5 21. g5 hxg5
22. Bxg5 Qb7 23. Ng3 {1-0 Topalov,V (2796)-Morozevich,A (2771)/Nice 2009/ (43)}
) 15. Qf3 Qc8 {Objectively speaking White's plan is not so dangerous for Black,
but Karjakin enjoys the benefit of the suprise choice.} (15... Nc5 16. Bc2 c6
17. b4 Ncd7 18. dxc6 Bxc6 19. Bb3 Qc8 20. Ng4 a5 $11) (15... c6 16. dxc6 Bxc6
17. Ng4 Nc5 18. Nxf6+ Qxf6 19. Qxf6 gxf6 20. Bc2 a5 $13) 16. Ndf1 (16. Ng4 Nxg4
17. hxg4 Nf6 18. Bd1 c6 19. c4 Qc7 $15) 16... c6 (16... h5 17. Bg5 Be7 18. Ng3
g6 19. Ba2 Qd8 $13) 17. dxc6 Qxc6 18. Ng4 Re7 $2 {Grischuk is opting for the
move, that quite clearly fits very poorly with the defensive tasks. White
would like to move his knight to f5 and if he succeeds it will cost the
defender a precious tempo. The advance of the d-pawn was a truly sensible move,
which should have been considered a principal continuation.} (18... d5 $5 19.
Ng3 (19. Qg3 Nh5 20. Qf3 Qg6 21. Rd1 d4 $1 22. cxd4 exd4 23. Rxd4 Ndf6 24. Nd2
Bc5 25. Rd3 Re7 $17) 19... Rad8 (19... dxe4 20. Nxe4 Be7 21. Bxh6 gxh6 22.
Nexf6+ (22. Nxh6+ Kg7 23. Nf5+ Kf8 24. Rad1 Nxe4 25. Rxd7 Qxd7 26. Qh5 Bf6 27.
Qh6+ $11) 22... Bxf6 (22... Nxf6 23. Bxf7+ Kg7 24. Qxc6 Bxc6 25. Bxe8 Rxe8 26.
Rxe5 $16) 23. Rad1 Qxf3 24. gxf3 Bxf3 25. Rxd7 Bxg4 26. Bxf7+ Kf8 27. hxg4 Re7
$14) 20. Nf5 Kh8 (20... dxe4 21. Ngxh6+ gxh6 22. Qg3+ Kh8 23. Bxf7 Re7 24. Nxe7
Bxe7 25. Bxh6 Nh5 26. Qg6 Qxg6 27. Bxg6 $14) 21. Bxh6 (21. exd5 Nxd5 22. Bc2
$11) 21... Nc5 (21... Nxe4 22. Bxg7+ Bxg7 23. Nxg7 Kxg7 24. Rxe4 dxe4 25. Qxf7+
Kh8 26. Rd1 $18) 22. exd5 Nxd5 23. Nxg7 Bxg7 24. Bxd5 Rxd5 (24... Qxd5 25.
Bxg7+ $18) 25. Qxf7 Rg8 26. Bxg7+ Rxg7 27. Qf8+ Rg8 28. Qf6+ Rg7 $11) 19. Ng3
d5 (19... Nxg4 20. hxg4 Nc5 21. Bd5 Qd7 22. Rd1 $14) 20. exd5 $6 {We cannot
expect perfection even from the players belonging to the cream of world chess.
Karjakin could have punished his confused opponent with the very logical
knight move to f5.} (20. Nf5 $1 Re6 (20... dxe4 21. Nxe7+ Bxe7 22. Qf5 $16) 21.
Bxh6 (21. Qg3 Kh7 22. exd5 Nxd5 23. Rd1 N7f6 24. Nxf6+ Nxf6 25. Be3 $16) 21...
gxh6 (21... dxe4 22. Qg3 Nxg4 23. Bxg7 $16) 22. Nfxh6+ Bxh6 23. Nxh6+ Kh7 24.
Nxf7 (24. exd5 Nxd5 25. Nxf7 Rg8 26. Rad1) 24... Nxe4 25. Rad1 Nef6 26. Ng5+
Kh8 27. Nxe6 Qxe6 28. Rd4 $16) 20... Nxd5 21. Nf5 Re6 (21... Ree8 22. Bxh6 gxh6
(22... e4 23. Rxe4 gxh6 (23... Rxe4 24. Qxe4 gxh6 25. Ngxh6+ Bxh6 26. Bxd5 $18)
24. Rd4 N5f6 25. Qg3 Qxg2+ 26. Qxg2 Bxg2 27. Kxg2 Re2 28. Rb1 $16) 23. Rad1
N5f6 24. Nxf6+ Nxf6 25. Qg3+ Kh8 26. Bxf7 Red8 27. Nh4 $16) 22. Qg3 $1 {
A fine move, that works on many levels. The defender is tied up left and right
and has to play very carefully to avoid losing material.} (22. Nfe3 e4 23. Qg3
Bd6 24. Qh4 Be7 25. Bxd5 Bxh4 26. Bxc6 Bxc6 27. Nf5 h5 $11) 22... Kh8 (22...
Rg6 $2 23. Nh4 $18) 23. Be3 h5 $5 {Grischuk is admitting, that normal moves
will not be able to promise equality, so he starts some counterplay of his own.
} (23... Nxe3 24. Nfxe3 Re7 25. Nf5 $16) (23... Rd8 24. Rad1 N7f6 25. Bc1 $16)
24. Rad1 Nxe3 25. Ngxe3 (25. Bxe6 $2 Nxd1 26. Bxf7 Nxb2 27. Nxe5 Qf6 $17) 25...
Rg6 26. Qh2 Rf6 {Reality bites hard and the defender sees no better way to
defend his vulnerable f7 pawn.} (26... Kg8 27. Nh4 Rd6 (27... Rg5 28. Nf3 Qxf3
29. Rxd7 $18) 28. Bd5 Qc7 29. Qg3 Nf6 30. Bxb7 Rxd1 31. Rxd1 Qxb7 32. Qxe5 $16)
27. Bd5 (27. Ng3 $1 h4 (27... g6 28. Nd5 h4 29. Nxf6 hxg3 30. Qxg3 Nxf6 31.
Bxf7 Bg7 32. Qxg6 Rf8 33. Rxe5 Qxg2+ (33... Rxf7 34. Rd8+ Rf8 35. Rg5 Ne8 36.
Rxe8 Qxg6 37. Rxf8+ Bxf8 38. Rxg6 $18) 34. Qxg2 Bxg2 35. Kxg2 Rxf7 36. Rd8+ Kh7
37. Ra8 $18) 28. Ngf5 Bc5 29. Nxh4 Bxe3 30. Rxe3 e4 31. Qg3 $16) 27... Qc8 28.
Qg3 $6 {White will ignore the unpleasant retreat of the knight to g3 at his
own peril. The h5-pawn would be hanging and no sensible solution seems
satisfactory.} (28. Ng3 $1 Nb6 (28... g6 29. Ne4 Rb6 30. Rd2 Bxd5 31. Nxd5 Rc6
32. Nb4 Rc4 33. Qg3 $16) 29. Bxb7 Qxb7 30. Nxh5 Re6 31. Ng4 Rae8 (31... g6 32.
Rxe5 gxh5 33. Rxh5+ Kg8 34. Qg3 $16) 32. Rxe5 Rxe5 33. Nxe5 Nc4 34. Nf3 Nxb2
35. Rd4 Qc6 36. Qg3 $16) 28... g6 29. Qg5 (29. Nh4 Bxd5 30. Nxd5 Rd6 31. Nf3 (
31. Ne3 Rxd1 32. Rxd1 Qc6 $14) 31... Qb7 32. Ne3 Rxd1 33. Rxd1 Re8 $14) 29...
Bg7 $2 {One of the greatest enemies for chessplayers is still time trouble.
Grischuk was running short of time and that helps to explain his missing the
best move. The exchange of the bishops would have solved all the problems.} (
29... Bxd5 $1 30. Rxd5 Re6 31. Red1 (31. Nh4 e4 32. Red1 Nf6 33. R5d4 Qe8 $11)
(31. Ng3 Nf6 32. Rdd1 Nh7 33. Qh4 Be7 34. Qe4 Nf6 35. Qc2 $11) 31... Nf6 $1 32.
Rxe5 gxf5 33. Nxf5 Qc4 $11) 30. Ne7 $1 (30. Bxf7 gxf5 (30... Rxf7 31. Nd6 Qg8
32. Qxg6 Rf6 33. Qxh5+ Qh7 34. Qxh7+ Kxh7 35. Nxb7 $18) 31. Nxf5 Rxf7 32. Nd6
Qf8 33. Qxh5+ Kg8 34. Qxf7+ Qxf7 35. Nxf7 $16) 30... Qc7 (30... Qe8 31. Bxb7
Ra7 32. Bc6 Qxe7 33. Nd5 $18) 31. Ng4 {Definitely a fine move, but equally
efficient would have been the immediate smashing of the kingside pawn
structure.} (31. Bxf7 $1 Rxf7 32. Nxg6+ Kg8 (32... Kh7 33. Ne7 $18) 33. Ne7+
Kf8 34. N3f5 Re8 35. Ng6+ Kg8 36. Nd6 $18) 31... Rf4 $6 (31... Re8 32. Nxf6
Nxf6 33. Bxb7 Rxe7 (33... Qxb7 34. Qxe5 $18) 34. Bd5 $18) 32. Nh6 Rf8 (32...
Bxd5 33. Nxd5 Qb7 34. Nxf4 $18) 33. Nxf7+ $1 {Karjakin has no reason to wait
with the decisive blow, all the pieces are playing to their maximum.} R4xf7 (
33... R8xf7 34. Nxg6+ Kh7 35. Qxh5+ Bh6 36. Bxf7 Rxf7 37. Rxd7 $18) 34. Nxg6+
Kh7 (34... Kg8 35. Ne7+ Kh7 36. Qxh5+ Bh6 37. Qg6+ $18) 35. Qxh5+ Bh6 36. Bxf7
Rxf7 37. Rxd7 $1 {The final touch is removing the last piece holding the
Black's position together. It does not hurt to play a charming combination.}
Rxd7 (37... Qxd7 38. Nxe5 $18) 38. Nf8+ Kg7 39. Ne6+ 1-0

[Event "Grand Slam Final 2nd"]
[Site "Bilbao"]
[Date "2009.09.10"]
[Round "4"]
[White "Aronian, Levon"]
[Black "Grischuk, Alexander"]
[Result "1-0"]
[WhiteElo "2773"]
[BlackElo "2733"]
[Annotator "Postny,E"]
[PlyCount "83"]
[EventDate "2009.09.06"]
[EventType "tourn"]
[EventRounds "6"]
[EventCountry "ESP"]
[EventCategory "20"]
[SourceTitle "CBM 132"]
[Source "ChessBase"]
[SourceDate "2009.09.16"]
[SourceVersion "1"]
[SourceVersionDate "2009.09.16"]
[SourceQuality "1"]

1. d4 d5 2. Nf3 Nf6 3. c4 c6 4. e3 a6 5. Nc3 b5 6. c5 Nbd7 7. a3 {Last year
Aronian achieved nothing against Movsesian after 7.Bd3. However, this time
Aronian came better prepared.} (7. Bd3 e5 8. Nxe5 Nxe5 9. dxe5 Nd7 10. e6 Nxc5
11. exf7+ Kxf7 12. Bc2 g6 13. O-O Bg7 14. Ne2 Re8 15. Nd4 Qd6 $11 {1/2-1/2
Aronian,L (2757)-Movsesian,S (2732)/Nanjing CHN 2008/The Week in Chess 737 (49)
}) 7... a5 8. Bd3 e5 9. dxe5 Ng4 10. Bxb5 $5 $146 {[%mdl 8] This interesting
piece sacrifice is also the first choice of "Rybka". Obviously, it was
prepared by Levon beforehand.} (10. e6 fxe6 11. Nd4 Nxc5 12. Be2 Nxf2 $3 {
A very deep sacrifice. Black is getting a long-term intiative.} 13. Kxf2 Bd6
14. g3 O-O+ 15. Kg2 Bd7 16. Bd2 e5 17. Nb3 Ne6 $15 {0-1 Eljanov,P (2686)
-Karjakin,S (2686)/Foros 2007/CBM 119 (28)}) (10. Nd4 Ngxe5 11. Be2 Bb7 12. f4
Ng6 13. Bxb5 Rc8 14. Bd3 Bxc5 15. O-O O-O 16. Rb1 Qf6 17. Nce2 Rfe8 $13 {
1/2-1/2 Milov,V (2680)-Jakovenko,D (2710)/Kemer 2007/CBM 121 (31)}) 10... cxb5
11. Qxd5 Rb8 $6 {Not the best move. Obviously, it wasn't easy for Grischuk to
make a choice here, as he didn't know how deeply the variation was analysed by
his opponent before the game... This position needs more practical material.
Let's see what could happen in case of the critical continuation 11...Ra6.} (
11... Ra6 12. h3 Nh6 13. c6 Nc5 14. Qxd8+ (14. e4 Be6 15. Qxd8+ Kxd8 16. Nd4
Nd3+ 17. Ke2 Bc4 18. Bg5+ Kc8 19. b3 Nc1+ 20. Kf3 Nxb3 21. Nxb3 Bxb3 $15) (14.
Nd4 Be6 15. Qxd8+ Kxd8 16. O-O Nb3 17. Nxb3 Bxb3 18. Nxb5 a4 $13) 14... Kxd8
15. Nd4 Be6 (15... Nd3+ $6 16. Ke2 Nxe5 17. Rd1 Kc7 18. Ncxb5+ Kb6 19. c7 $14)
(15... Nf5 16. Ndxb5 Rxc6 17. e4 Nd3+ 18. Ke2 Nxc1+ 19. Raxc1 Nh4 20. Rhd1+ Ke8
21. Nd5 Rxc1 22. Rxc1 $36) 16. O-O Nb3 17. Nxb3 Bxb3 18. Nxb5 Bc5 19. Bd2 $44 {
All these lines confirm that White definitely has sufficient compensation for
the piece. Often he can get three pawns, together with some initiative against
the black monarch. However, the position is pretty much double-edged, so only
future games on this theme will make a clear verdict of this line.}) 12. h3 b4
$6 (12... Nxf2 13. Kxf2 Bxc5 14. e6 fxe6 15. Qxe6+ Qe7 16. Qxe7+ Bxe7 17. Rd1
$14 {Black's compensation is not sufficient, but this would have been the
least of the evils for him.}) 13. axb4 {For the forthcoming several moves the
play is pretty much forced.} axb4 14. Ne4 Nxc5 (14... Ndxe5 $2 15. Qxd8+ Kxd8
16. hxg4 $18) 15. Qxd8+ Kxd8 16. Nxc5 Nxf2 $1 {At least ruining the opponents'
pawn structure.} 17. Kxf2 Bxc5 {White's extra pawn is not so significant. The
more apparent factor is Black's vulnerable king.} 18. Bd2 (18. Ra5 $1 {was
quite strong, causing even more disharmony in Black's position.} Bb6 19. Rd5+
Ke8 20. Bd2 Be6 21. Rd6 Bc5 22. Rc6 Be7 23. Rhc1 {Black can't castle, White is
in total control.}) 18... Kc7 {The king is heading to b6.} 19. Rhc1 {Again 19.
Ra5 was a worthy option.} (19. Ra5 Kb6 20. Rha1 Re8 21. Nd4 Bd7 22. Ra7 Bb5 23.
Rxf7 Rxe5 24. Nxb5 Kxb5 25. Rxg7 $16) 19... Kb6 {Black managed to avoid a
quick defeat, but his position is still much worse.} 20. Nd4 Rd8 (20... Bb7 21.
Nb3 Rhc8 22. Nxc5 Rxc5 23. Bxb4 Rxe5 24. Bc3 Rf5+ 25. Kg1 $16) (20... Re8 21.
Rc4 Rxe5 22. Bxb4 Bxd4 23. Rxd4 Rf5+ 24. Kg1 $16) 21. Rc2 Rd5 22. Rac1 $2 {
I guess Levon made this move quickly, without bothering to investigate the
position deeply. Instead, he could sacrifice an exchange with nice prospects.}
(22. Rxc5 $1 Rxc5 (22... Kxc5 $2 23. Ra5+ Kc4 24. b3+ Kd3 25. Rxd5 Kxd2 26.
Nc6+ $18) 23. Bxb4 Rd5 24. Bd6 Rb7 25. Rc1 Bd7 26. b4 $16 {Black's rooks are
completely tied up. It would be extremely unpleasant for Grischuk to handle
this position in time-trouble.}) 22... Be6 23. Nb3 Rbd8 $2 {Missing the chance
to equalise.} (23... Rc8 $1 {This self-pinning move is pretty hard for a human
to play, and must be calculated precisely.} 24. Bxb4 {There is nothing better.}
{[%tqu "En","Calculate 24...Bxe3.","","","c5e3","",10]} Bxe3+ $1 25. Kxe3 Rxc2
26. Rxc2 Rxe5+ 27. Kd4 (27. Kf4 Rf5+ 28. Ke4 Bxb3 29. Rc3 Be6 $11) 27... Bxb3
28. Rc3 Rd5+ 29. Ke4 Ba2 $11) 24. Ke2 Bf8 25. Nd4 $6 {The penetration of the
rook was called for.} (25. Rc6+ Kb7 26. Rc7+ Kb8 27. Nd4 Rxe5 28. Nxe6 fxe6 29.
Be1 $1 {[%cal Ge1g3]} Red5 30. R7c6 $16) 25... Bc5 $6 {Black should keep his
light-squared bishop.} (25... Bd7 $1 26. Kf3 Be7 $1 (26... Rxe5 27. e4 $1 {
[%csl Rb6][%cal Gd2e3]} Rc5 28. Bxb4 Rxc2 29. Nxc2 $16) 27. Ke4 Rc5 $14) 26.
Nxe6 fxe6 27. e4 Rxe5 28. Rc4 $2 {This move throws away all of White's
advantage.} (28. Bf4 $1 {could win the exchange by force.} Rxe4+ 29. Kf3 Rdd4
30. Be3 Rd3 31. Kxe4 Rxe3+ 32. Kf4 Bd4 33. Rd2 e5+ 34. Kf5 Rb3 35. Rcc2 {
It won't be easy for White to convert his advantage into a full point, but,
with no doubt, he should have played this.}) 28... Rd4 29. Rxd4 Bxd4 30. b3 (
30. Rc4 Bxb2 31. Rxb4+ Rb5 $11) 30... Rc5 (30... Rxe4+ $4 31. Kd3 Rh4 32. Be1
Rf4 33. Bg3 $18) 31. Rf1 Kb5 (31... Rc2 32. Kd3 Ra2 33. Bxb4 Bf6 {and the
active rook gives Black sufficient compensation.}) 32. Rf7 Bc3 33. Be3 Rc6 34.
Rb7+ Ka6 35. Rb8 Ka5 36. Bg5 h6 $2 {This is a serious mistake. Black shouldn't
allow the bishop to get to e7.} ({After the simple} 36... Bf6 {Black has
little to worry about. This endgame should end in a draw.}) 37. Be7 {Now Black
is tied to the Pb4.} e5 38. g4 $1 Re6 39. Bf8 g5 (39... h5 40. gxh5 Rh6 41.
Bxg7 Rxh5 42. Kd3 $1 Rxh3+ 43. Kc4 Ka6 (43... Re3 44. Bf8 $1 Rxe4+ 45. Kc5 Ka6
46. Kc6 Ka7 47. Rb7+ Ka8 48. Rb5 {and the black king will be mated very soon.})
44. Bf8 Rh4 45. Kd5 Ka7 46. Rb5 Ka6 47. Kc6 $18) 40. Rd8 Rf6 $2 {The last move
before time-control and the final mistake. The severe time-trouble of Grischuk
decided things.} (40... Kb5 41. Rd6 Re8 42. Bxh6 Rh8 {would still force
Aronian to show some technique to claim the full point.}) 41. Rd5+ Kb6 42. Rd6+
{After the exchange of rooks Black will lose most of his pawns.} 1-0

[Event "Grand Slam Final 2nd"]
[Site "Bilbao"]
[Date "2009.09.11"]
[Round "5"]
[White "Grischuk, Alexander"]
[Black "Karjakin, Sergey"]
[Result "1/2-1/2"]
[WhiteElo "2733"]
[BlackElo "2722"]
[Annotator "CB"]
[PlyCount "198"]
[EventDate "2009.09.06"]
[EventType "tourn"]
[EventRounds "6"]
[EventCountry "ESP"]
[EventCategory "20"]
[SourceTitle "CBM 132"]
[Source "ChessBase"]
[SourceDate "2009.09.16"]
[SourceVersion "1"]
[SourceVersionDate "2009.09.16"]
[SourceQuality "1"]

1. e4 e5 2. Nf3 Nc6 3. Bb5 a6 4. Ba4 Nf6 5. O-O Be7 6. Re1 b5 7. Bb3 d6 8. c3
O-O 9. h3 Bb7 $5 {Una vez mÃ!s, Karjakin emplea la defensa Zaitsev de la Ruy
Lopez.} 10. d4 Re8 11. Nbd2 Bf8 12. a4 h6 13. Bc2 exd4 14. cxd4 Nb4 15. Bb1 c5
16. d5 Nd7 17. Ra3 c4 18. axb5 axb5 19. Nd4 Rxa3 20. bxa3 Nd3 21. Bxd3 cxd3 22.
Bb2 $5 {Hasta este punto los dos jugadores han seguido la partida de la cuarta
ronda entre Shirov y Karjakin. Grischuk elige ahora la jugada mÃ!s conocida de
alfil.} (22. Nxb5 {Esto es lo que jugÃ=/+ Shirov, pero se mostrÃ=/+
insuficiente.}) 22... Qa5 23. Nf5 $5 {El nuevo intento de Alexander} g6 24. Ne3
Ne5 {Ahora, segÃ_|n Karjakin, se inicia una variante forzada.} 25. Nb3 Qa4 26.
Bxe5 Rxe5 27. Ng4 Re7 28. Nf6+ Kh8 29. Qxd3 Bg7 30. Qf3 Qxa3 31. Re2 $1 {
Previniendo el acceso a "b2" de la dama, que expulsa al caballo blanco de "f6".
} Qa8 $1 {El negro quiere quitar el caballo de "f6" inmediatamente.} 32. Rc2 (
32. g4 $5 {Con la idea de apoyar el caballo con los peones del flanco de rey.}
Qd8 33. h4 Re5 34. g5) (32. Nd4 $5 {Es otra opciÃ=/+n}) 32... Qd8 33. Qf4 Re5
34. Ng4 Re7 35. Nxh6 $6 {Alexander pensaba que esta posiciÃ=/+n era ventajosa,
pero ahora el negro toma la iniciativa.} Qf8 36. Ng4 f5 $1 {Ahora los alfiles
negros emergen con una excelente oportunidad para tomar la iniciativa.} 37.
exf5 Qxf5 {Tras esta jugada, aparece un final de tablas de manera forzada.} 38.
Qxf5 Re1+ 39. Kh2 gxf5 40. Ne3 Be5+ 41. g3 f4 42. gxf4 Bxf4+ 43. Kg2 Bxe3 44.
fxe3 Rxe3 45. Nd4 Rd3 46. Nxb5 Rxd5 47. Nxd6 Rxd6+ {La partida es tablas, pero
hay algunas oportunidades prÃ!cticas de ganar el final. Grischuk juega el
final de manera correcta, entablando sin dificultad.} 48. Kg3 Bc6 49. Kf4 Kg7
50. Rc5 Be8 51. Ke5 Rh6 52. Rc3 Rh5+ 53. Kd6 Bg6 54. Re3 Bf5 55. Ke5 Bc8+ 56.
Kd4 Kf6 57. h4 Bf5 58. Rb3 Be6 59. Rb4 Rxh4+ 60. Kc3 Rh1 61. Kd4 Rd1+ 62. Ke4
Bd5+ 63. Kf4 Rf1+ 64. Ke3 Ke5 65. Ke2 Rh1 66. Kd2 Be4 67. Rb5+ Kf4 68. Rb3 Rh2+
69. Kc3 Rh8 70. Kc4 Rc8+ 71. Kd4 Rd8+ 72. Kc3 Bd3 73. Rb4+ Ke3 74. Rb2 Rc8+ 75.
Kb3 Kd4 76. Kb4 Rc6 77. Kb3 Rc1 78. Rd2 Rc8 79. Rb2 Bc4+ 80. Kb4 Kd3 81. Rh2
Rb8+ 82. Kc5 Rb5+ 83. Kd6 Rg5 84. Rh3+ Kd4 85. Rh4+ Kc3 86. Rh3+ Kb4 87. Rh7
Rd5+ 88. Ke7 Kc5 89. Rg7 Rh5 90. Kf6 Kd6 91. Rg5 Rh4 92. Rg7 Be6 93. Kg5 Rg4+
94. Kf6 Rf4+ 95. Kg5 Rf2 96. Kg6 Ke5 97. Kg5 Bf7 98. Kh6 Kf6 99. Rg6+ {Este
truco final es la base de uno de los mejores mÃ todos defensivos de este final,
la defensa de la torre por la segunda horizontal.} Bxg6 1/2-1/2